| 000 | 00579nam a22002177a 4500 | ||
|---|---|---|---|
| 003 | OSt | ||
| 005 | 20180928144717.0 | ||
| 008 | 150320b xxu||||| |||| 00| 0 eng d | ||
| 020 | _a9781449688615 | ||
| 020 | _a1449688616 | ||
| 040 | _cDNLM | ||
| 082 |
_aQW4 P771f 2014 _bq |
||
| 100 |
_aPommerville, Jeffrey C. _93231 |
||
| 245 | _aFundamentals of Microbiology | ||
| 250 | _a10th ed. | ||
| 260 |
_aBurlington; _bJones & Bartlett, _c2014 |
||
| 300 |
_bxxxi,845p; _c28cm, col. ill |
||
| 504 | _aAppendix, Glossary & index | ||
| 650 |
_aMicrobiology _9749 |
||
| 942 |
_2z _cO_SHELF |
||
| 999 |
_c1190 _d1190 |
||